00663cam a22002171 4500001001300000003000400013005001700017008004100034010001700075035002000092040001800112042001200130050002600142082001000168100004300178245007000221260007300291300002600364490003800390999001700428ca 36000114 DLC20260227111140.0891021s1936 maua 000 0 eng  aca 36000114  a(OCoLC)20532838 aDLCcRPBdDLC apremarc00aPS3525.A2777bB8 1936 a812.51 aMcMullen, J. C.q(Joseph Carl),d1882-10aBuddy buys an orchid;ba comedy in one act,cby J.C. McMullen ... aBoston, Mass.,aLos Angeles, Cal.b[Walter H. Baker Company,cc1936] a23 p.bdiagr.c19 cm.0 aBaker's junior high school series c17990d17990